|
|
|
|
| LEADER |
00000nab a2200000Ia 4500 |
| 001 |
vtls010822481 |
| 003 |
SK-MaSNL |
| 005 |
20260303210730.0 |
| 008 |
230121|1976 xo |||||||||||||||||slo| |
| 035 |
|
|
|a (urnnbn)urn:nbn:sk:snk:ar-a061nn
|
| 035 |
|
|
|a urn:nbn:sk:snk-ab5pgd
|
| 035 |
|
|
|a (uuid)8cea44ec-1c10-4edf-8ae3-4c059827d05a
|
| 040 |
|
|
|a SNKBUCL
|b slo
|c SNKBUCL
|e AACR2
|
| 041 |
0 |
|
|a slo
|
| 044 |
|
|
|a xo
|c SK
|
| 080 |
|
|
|a 640
|2 2001
|
| 080 |
|
|
|a 331.322
|2 2011
|
| 080 |
|
|
|a 79
|2 2001
|
| 100 |
1 |
|
|a Mazág, Ján
|4 aut
|9 725259
|
| 245 |
1 |
0 |
|a Zásady stravovania na víkendoch a dovolenkách
|c Ján Mazág
|
| 650 |
0 |
7 |
|a stravovanie
|2 SNKPH
|9 13690
|
| 650 |
0 |
7 |
|a dovolenka
|2 SNKPH
|9 14572
|
| 650 |
0 |
7 |
|a voľný čas
|2 SNKPH
|9 3355
|
| 773 |
0 |
|
|t Výživa a zdravie : časopis pre výživu a zdravý životný štýl
|g Roč. 21, č. 5 (1976), s. 102-103
|
| 954 |
|
|
|a odborná, vedecká literatúra pôvodná (slovenská)
|2 lita
|
| 958 |
|
|
|a OND
|
| 958 |
|
|
|a EUIPO
|
| 958 |
|
|
|a article5
|
| 999 |
|
|
|c 2201425
|d 2203355
|